[Event "Schweinfurt op 29th"]
[Site "Schweinfurt"]
[Date "2019.06.23"]
[Round "7"]
[White "Peschel, Andreas"]
[Black "Bussard, Christian"]
[Result "1/2-1/2"]
[WhiteElo "2170"]
[BlackElo "2285"]
[PlyCount "54"]
[EventDate "2019.06.20"]
[EventType "swiss"]
[EventRounds "7"]
[EventCountry "GER"]
[SourceTitle "CBM 191 Extra"]
[Source "ChessBase"]
[SourceDate "2019.09.30"]
[SourceVersion "1"]
[SourceVersionDate "2019.09.30"]
[SourceQuality "1"]

1. Nf3 Nf6 2. g3 g6 3. b3 Bg7 4. Bb2 d6 5. d4 0-0 6. Bg2 c6 7. Nc3 Bg4 8. Qd2 Qc7 9. 0-0 Na6 10. Rfe1 Rad8 11. Qf4 Rfe8 12. Ne4 Nxe4 13. Qxg4 Nf6 14. Qf4 c5 15. dxc5 Nxc5 16. c4 Nh5 17. Qc1 Qb6 18. Bxg7 Nxg7 19. Qc2 Nce6 20. Rad1 Rc8 21. Bh3 Rc5 22. Bxe6 Nxe6 23. Rd5 Rec8 24. Red1 Rxd5 25. Rxd5 Rc5 26. Qd2 Qc7 27. Ng5 Nxg5 1/2-1/2

[Event "Schweinfurt op 29th"]
[Site "Schweinfurt"]
[Date "2019.06.23"]
[Round "6"]
[White "Peschel, Andreas"]
[Black "Minor, Viatcheslav"]
[Result "1/2-1/2"]
[WhiteElo "2170"]
[BlackElo "2032"]
[PlyCount "79"]
[EventDate "2019.06.20"]
[EventType "swiss"]
[EventRounds "7"]
[EventCountry "GER"]
[SourceTitle "CBM 191 Extra"]
[Source "ChessBase"]
[SourceDate "2019.09.30"]
[SourceVersion "1"]
[SourceVersionDate "2019.09.30"]
[SourceQuality "1"]

1. Nf3 Nf6 2. g3 g6 3. b3 Bg7 4. Bb2 d5 5. Bg2 0-0 6. 0-0 Nbd7 7. c4 e6 8. Qc2 Re8 9. d3 c6 10. Nbd2 a6 11. Rfc1 Ng4 12. Bxg7 Kxg7 13. e3 Qe7 14. Rab1 Kg8 15. b4 Nge5 16. Qc3 Nxf3+ 17. Bxf3 Qf6 18. Qxf6 Nxf6 19. Nb3 dxc4 20. dxc4 e5 21. Na5 Re7 22. Rd1 Bf5 23. Rb2 Rae8 24. Rd6 Ne4 25. Bxe4 Bxe4 26. Rbd2 Rc7 27. Rd7 Re7 28. Rxc7 Rxc7 29. Rd8+ Kg7 30. c5 Bd5 31. a3 Be6 32. f3 Kf6 33. Kf2 h5 34. Rb8 Rd7 35. Ke2 e4 36. Rxb7 exf3+ 37. Kxf3 Bg4+ 38. Ke4 Bf5+ 39. Kf3 Bg4+ 40. Ke4 1/2-1/2

[Event "Schweinfurt op 29th"]
[Site "Schweinfurt"]
[Date "2019.06.22"]
[Round "4"]
[White "Peschel, Andreas"]
[Black "Kornitzky, Tino"]
[Result "1-0"]
[WhiteElo "2170"]
[BlackElo "2098"]
[PlyCount "33"]
[EventDate "2019.06.20"]
[EventType "swiss"]
[EventRounds "7"]
[EventCountry "GER"]
[SourceTitle "CBM 191 Extra"]
[Source "ChessBase"]
[SourceDate "2019.09.30"]
[SourceVersion "1"]
[SourceVersionDate "2019.09.30"]
[SourceQuality "1"]

1. d4 Nf6 2. Nf3 d5 3. c4 e6 4. e3 a6 5. Nbd2 Be7 6. Bd3 0-0 7. 0-0 dxc4 8. Nxc4 b5 9. Nce5 c5 10. dxc5 Bxc5 11. Qc2 Qb6 12. b4 Be7 13. Ng5 g6 14. Bxg6 fxg6 15. Nxg6 Nc6 16. Qxc6 Qxc6 17. Nxe7+ 1-0

[Event "Pfarrkirchen Rottal op 1st"]
[Site "Pfarrkirchen"]
[Date "2017.04.16"]
[Round "5"]
[White "Haba, Petr"]
[Black "Peschel, Andreas"]
[Result "1-0"]
[WhiteElo "2458"]
[BlackElo "2209"]
[PlyCount "115"]
[EventDate "2017.04.14"]
[EventType "swiss"]
[EventRounds "7"]
[EventCountry "GER"]
[SourceTitle "CBM 177 Extra"]
[Source "ChessBase"]
[SourceDate "2017.04.27"]
[SourceVersion "1"]
[SourceVersionDate "2017.04.27"]
[SourceQuality "1"]

1. e4 g6 2. d4 Bg7 3. Nc3 c6 4. h3 d5 5. Nf3 dxe4 6. Nxe4 Nf6 7. Nxf6+ exf6 8. Bc4 0-0 9. 0-0 a5 10. Re1 Na6 11. Bf4 Nb4 12. c3 Nd5 13. Bh2 Bh6 14. a4 Bf4 15. Bxf4 Nxf4 16. Qb3 Qc7 17. Re3 Be6 18. Bxe6 Nxe6 19. Rae1 Rad8 20. Nd2 Nf4 21. Re7 Rd7 22. Rxd7 Qxd7 23. Ne4 Qe6 24. Qxe6 fxe6 25. Nc5 Rf7 26. Re4 g5 27. Nxe6 Nd3 28. b3 Nc1 29. Nc5 b6 30. Re8+ Rf8 31. Rxf8+ Kxf8 32. Nd7+ Ke7 33. Nxb6 Nxb3 34. Kf1 c5 35. dxc5 Nxc5 36. Ke2 Ne4 37. Kd3 Nxf2+ 38. Kd4 f5 39. Nc4 Nd1 40. Nxa5 Nb2 41. Nc6+ Kd6 42. Ne5 Nxa4 43. Nf7+ Ke7 44. Nxg5 h6 45. Nf3 Ke6 46. c4 Nb6 47. Ne5 Nc8 48. Ng6 Nd6 49. Nf4+ Kf6 50. c5 Nb5+ 51. Kc4 Na7 52. Kd5 Nb5 53. c6 Kg5 54. Ne6+ Kh4 55. Nd4 Na7 56. Nxf5+ Kg5 57. Nxh6 Kxh6 58. c7 1-0

[Event "Nuremberg Zabo op 18th"]
[Site "Nuremberg"]
[Date "2016.09.17"]
[Round "3"]
[White "Boss, Rolf"]
[Black "Peschel, Andreas"]
[Result "1/2-1/2"]
[WhiteElo "2001"]
[BlackElo "2149"]
[PlyCount "77"]
[EventDate "2016.09.16"]
[EventType "swiss"]
[EventRounds "5"]
[EventCountry "GER"]
[SourceTitle "EXT 2018"]
[Source "ChessBase"]
[SourceDate "2017.10.13"]
[SourceVersion "1"]
[SourceVersionDate "2017.10.13"]
[SourceQuality "1"]

1. f4 d5 2. Nf3 g6 3. g3 Bg7 4. Bg2 c5 5. d3 Nc6 6. 0-0 Nf6 7. c3 0-0 8. Na3 Rb8 9. Ne5 Be6 10. Qa4 Qb6 11. Nxc6 bxc6 12. Kh1 c4 13. h3 cxd3 14. exd3 Nd7 15. g4 f5 16. g5 Nc5 17. Qc2 Qa6 18. Re1 Bf7 19. Bf1 Qb7 20. Rb1 d4 21. c4 e5 22. fxe5 Rbe8 23. b4 Nd7 24. Bg2 Nxe5 25. Bf4 Qa6 26. Qb3 h6 27. Nc2 hxg5 28. Bxg5 f4 29. Bxf4 Nxc4 30. dxc4 Bxc4 31. Qg3 Qxa2 32. Qxg6 Rxe1+ 33. Rxe1 Rxf4 34. Re8+ Rf8 35. Be4 Qb1+ 36. Kh2 Rxe8 37. Qxe8+ Bf8 38. Qg6+ Bg7 39. Qe8+ 1/2-1/2

[Event "Solingen-ch"]
[Site "Solingen"]
[Date "2015.12.04"]
[Round "7"]
[White "Peschel, Andreas"]
[Black "Kniest, Oliver"]
[Result "1/2-1/2"]
[WhiteElo "2165"]
[BlackElo "2291"]
[PlyCount "51"]
[EventDate "2015.09.04"]
[EventType "swiss"]
[EventRounds "7"]
[EventCountry "GER"]
[SourceTitle "EXT 2018"]
[Source "ChessBase"]
[SourceDate "2017.10.13"]
[SourceVersion "1"]
[SourceVersionDate "2017.10.13"]
[SourceQuality "1"]

1. d4 Nf6 2. Nf3 e6 3. Bg5 h6 4. Bxf6 Qxf6 5. e4 d6 6. Nc3 g6 7. e5 Qe7 8. Bb5+ Bd7 9. Qe2 a6 10. Bd3 Bg7 11. 0-0 Nc6 12. Rfe1 dxe5 13. dxe5 g5 14. Qe4 0-0-0 15. a3 h5 16. Re3 g4 17. Nd4 Qc5 18. Nxc6 Bxc6 19. Qc4 Qxc4 20. Bxc4 Bh6 21. Re2 Rd2 22. Rae1 Rxe2 23. Bxe2 Rd8 24. Bd3 Bg7 25. Re3 Bh6 26. Re1 1/2-1/2

[Event "Solingen-ch"]
[Site "Solingen"]
[Date "2015.11.20"]
[Round "6"]
[White "Peschel, Andreas"]
[Black "Kesseler, Heiko"]
[Result "1-0"]
[WhiteElo "2165"]
[BlackElo "2012"]
[PlyCount "105"]
[EventDate "2015.09.04"]
[EventType "swiss"]
[EventRounds "7"]
[EventCountry "GER"]
[SourceTitle "EXT 2018"]
[Source "ChessBase"]
[SourceDate "2017.10.13"]
[SourceVersion "1"]
[SourceVersionDate "2017.10.13"]
[SourceQuality "1"]

1. Nf3 c5 2. g3 d5 3. Bg2 Nc6 4. 0-0 Nf6 5. d3 e5 6. e4 dxe4 7. dxe4 Bg4 8. c3 Qxd1 9. Rxd1 Be7 10. Na3 0-0 11. Bg5 Rfd8 12. Nc4 h6 13. Bxf6 Bxf6 14. Ne3 Bxf3 15. Bxf3 Kf8 16. Rd5 b6 17. Rad1 Rac8 18. Bg4 Rb8 19. h4 Rxd5 20. Rxd5 Rd8 21. Kf1 Ke8 22. Ke2 Ne7 23. Rxd8+ Kxd8 24. Kd3 b5 25. a4 a6 26. Ng2 Nc6 27. Kc2 Be7 28. b3 c4 29. axb5 cxb3+ 30. Kxb3 axb5 31. f4 Na5+ 32. Kc2 Nc4 33. Be2 exf4 34. Bxc4 f3 35. Ne3 bxc4 36. Nxc4 Bd6 37. g4 h5 38. gxh5 Bg3 39. Kd3 Bxh4 40. Nd6 f2 41. Ke2 Bf6 42. e5 Bh4 43. Nf5 Bg5 44. Nxg7 Kd7 45. Nf5 Ke6 46. Nd4+ Kd5 47. Nf3 Bh6 48. Kxf2 Kc4 49. Kg3 Kxc3 50. Kg4 Bg7 51. Kf5 Kc4 52. Ng5 f6 53. exf6 1-0

[Event "Solingen-ch"]
[Site "Solingen"]
[Date "2015.11.06"]
[Round "5"]
[White "Schockenbaeumer, Dirk"]
[Black "Peschel, Andreas"]
[Result "1/2-1/2"]
[WhiteElo "2161"]
[BlackElo "2165"]
[PlyCount "53"]
[EventDate "2015.09.04"]
[EventType "swiss"]
[EventRounds "7"]
[EventCountry "GER"]
[SourceTitle "EXT 2018"]
[Source "ChessBase"]
[SourceDate "2017.10.13"]
[SourceVersion "1"]
[SourceVersionDate "2017.10.13"]
[SourceQuality "1"]

1. e4 e6 2. d4 d5 3. Nc3 Bb4 4. Nge2 dxe4 5. a3 Be7 6. Nxe4 Nf6 7. Qd3 Nbd7 8. Bf4 Nxe4 9. Qxe4 Nf6 10. Qf3 0-0 11. 0-0-0 Qd5 12. Bxc7 Qa2 13. Nc3 Qa1+ 14. Kd2 Qxb2 15. Rb1 Qxa3 16. Rb3 Qa1 17. g3 Nd5 18. Bc4 Bg5+ 19. Kd3 Bc1 20. Bd6 Rd8 21. Ba3 Nxc3 22. Rxc3 Qxc3+ 23. Kxc3 Bxa3 24. Qh5 Be7 25. Kd3 Bf6 26. c3 Bd7 27. Rc1 1/2-1/2

[Event "Solingen-ch"]
[Site "Solingen"]
[Date "2015.10.02"]
[Round "3"]
[White "Goerke, Joachim"]
[Black "Peschel, Andreas"]
[Result "1-0"]
[WhiteElo "2105"]
[BlackElo "2165"]
[PlyCount "99"]
[EventDate "2015.09.04"]
[EventType "swiss"]
[EventRounds "7"]
[EventCountry "GER"]
[SourceTitle "EXT 2018"]
[Source "ChessBase"]
[SourceDate "2017.10.13"]
[SourceVersion "1"]
[SourceVersionDate "2017.10.13"]
[SourceQuality "1"]

1. c4 e6 2. Nc3 d5 3. d4 c6 4. cxd5 exd5 5. Nf3 Bf5 6. Qb3 Qb6 7. Qxb6 axb6 8. Bf4 Nf6 9. Be5 Na6 10. Nh4 Be6 11. Bxf6 gxf6 12. e3 Nb4 13. Kd2 Bh6 14. a3 c5 15. axb4 0-0 16. Bd3 cxd4 17. Ne2 dxe3+ 18. fxe3 Rfe8 19. Rxa8 Rxa8 20. Nd4 Bf8 21. Nc2 Ra2 22. Kc3 Bd6 23. Nf3 Ra8 24. Nfd4 Kh8 25. g3 h5 26. Ra1 Rc8+ 27. Kd2 h4 28. Nf5 Bxf5 29. Bxf5 Rg8 30. gxh4 Rg2+ 31. Kd3 Rxh2 32. Ra7 Rxh4 33. Rxb7 Rh5 34. Bc8 f5 35. Rxb6 Be5 36. Rb5 Kg7 37. Rxd5 Kf6 38. Nd4 Rh8 39. Bxf5 Ra8 40. e4 Ra2 41. Kc2 Ra4 42. Kb3 Ra8 43. b5 Bg3 44. Nc6 Bf2 45. Nd4 Bg1 46. e5+ Kg7 47. Kc4 Ra4+ 48. b4 Bf2 49. b6 Ra6 50. Kb5 1-0

[Event "Bad Schwartau op 1st"]
[Site "Bad Schwartau"]
[Date "2014.12.29"]
[Round "6"]
[White "Peschel, Andreas"]
[Black "Ghadimi, Mohammed Reza"]
[Result "1-0"]
[WhiteElo "2127"]
[BlackElo "2144"]
[PlyCount "65"]
[EventDate "2014.12.27"]
[EventType "swiss"]
[EventRounds "7"]
[EventCountry "GER"]
[SourceTitle "CBM 164 Extra"]
[Source "ChessBase"]
[SourceDate "2015.03.02"]
[SourceVersion "1"]
[SourceVersionDate "2015.03.02"]
[SourceQuality "1"]

1. d4 Nf6 2. c4 g6 3. Nc3 d5 4. cxd5 Nxd5 5. e4 Nxc3 6. bxc3 Bg7 7. Bc4 c5 8. Ne2 0-0 9. Be3 Nc6 10. Rc1 Qc7 11. h4 Na5 12. Bd3 b6 13. h5 Rd8 14. Qd2 Nc6 15. hxg6 fxg6 16. Bc4+ e6 17. Bg5 Rf8 18. e5 Na5 19. Bd3 Bb7 20. Nf4 cxd4 21. cxd4 Qd7 22. Qe3 Rac8 23. Rd1 Rf7 24. Qh3 Bf8 25. Bxg6 Rg7 26. d5 Bb4+ 27. Kf1 hxg6 28. Qh8+ Kf7 29. dxe6+ Qxe6 30. Qxg7+ Kxg7 31. Nxe6+ Kg8 32. Bf6 g5 33. Nxg5 1-0

[Event "Bad Schwartau op 1st"]
[Site "Bad Schwartau"]
[Date "2014.12.27"]
[Round "2"]
[White "Peschel, Andreas"]
[Black "Meifert, Thomas"]
[Result "1-0"]
[WhiteElo "2127"]
[BlackElo "1870"]
[PlyCount "59"]
[EventDate "2014.12.27"]
[EventType "swiss"]
[EventRounds "7"]
[EventCountry "GER"]
[SourceTitle "CBM 164 Extra"]
[Source "ChessBase"]
[SourceDate "2015.03.02"]
[SourceVersion "1"]
[SourceVersionDate "2015.03.02"]
[SourceQuality "1"]

1. d4 c5 2. e3 Nf6 3. Nf3 e6 4. Bd3 Nc6 5. 0-0 d5 6. b3 a6 7. Bb2 Bd7 8. Nbd2 Rc8 9. c4 Be7 10. Rc1 dxc4 11. bxc4 cxd4 12. exd4 0-0 13. Qe2 Re8 14. Ne5 Qb6 15. Rb1 Qa5 16. Rfd1 Na7 17. Ne4 Bc6 18. Nxf6+ Bxf6 19. Bxh7+ Kf8 20. Rd3 Bxe5 21. Ba3+ Re7 22. dxe5 g6 23. Qe3 Ke8 24. Bxe7 Kxe7 25. Qxa7 Qxe5 26. Qe3 Qh5 27. Rbd1 Qxh7 28. Qg5+ Kf8 29. Qf6 Re8 30. Rh3 1-0

[Event "Solingen-ch"]
[Site "Solingen"]
[Date "2014.11.07"]
[Round "5"]
[White "Zolfagharian, Kevin"]
[Black "Peschel, Andreas"]
[Result "1/2-1/2"]
[WhiteElo "2110"]
[BlackElo "2117"]
[PlyCount "91"]
[EventDate "2014.09.12"]
[EventType "swiss"]
[EventRounds "7"]
[EventCountry "GER"]
[SourceTitle "EXT 2016"]
[Source "ChessBase"]
[SourceDate "2015.10.08"]
[SourceVersion "1"]
[SourceVersionDate "2015.10.08"]
[SourceQuality "1"]

1. e4 g6 2. d4 Bg7 3. Nc3 c6 4. Nf3 d5 5. e5 Bg4 6. Bf4 f6 7. Qd2 Nd7 8. exf6 exf6 9. 0-0-0 Ne7 10. Re1 0-0 11. Ng1 Nb6 12. f3 Bd7 13. g4 Re8 14. Nh3 Nec8 15. Bd3 a5 16. Nf2 Bf8 17. g5 f5 18. h4 Nd6 19. Nfd1 Rxe1 20. Qxe1 Be8 21. h5 Qd7 22. hxg6 Bxg6 23. Qh4 Nbc4 24. b3 Nb6 25. Ne3 a4 26. Qh2 axb3 27. cxb3 Nb5 28. Ng4 Bg7 29. Nxb5 cxb5 30. Ne5 Bxe5 31. Bxe5 Qc6+ 32. Kb1 Qc3 33. Rd1 Nc4 34. bxc4 bxc4 35. Qb2 Qxb2+ 36. Kxb2 cxd3 37. Rxd3 Be8 38. Re3 Bd7 39. Bf6 Re8 40. Rxe8+ Bxe8 41. Kc3 Kf7 42. Kb4 Ke6 43. a4 Kd6 44. a5 Kc6 45. Bd8 f4 46. Bf6 1/2-1/2

[Event "Eschborn op 11th"]
[Site "Eschborn"]
[Date "2014.09.05"]
[Round "1"]
[White "Ackermann, Robert"]
[Black "Peschel, Andreas"]
[Result "0-1"]
[WhiteElo "1602"]
[BlackElo "2073"]
[PlyCount "52"]
[EventDate "2014.09.05"]
[EventType "swiss"]
[EventRounds "5"]
[EventCountry "GER"]
[SourceTitle "EXT 2015"]
[Source "ChessBase"]
[SourceDate "2014.11.20"]
[SourceVersion "1"]
[SourceVersionDate "2014.11.20"]
[SourceQuality "1"]

1. d4 g6 2. Nf3 Bg7 3. c4 c5 4. e3 Nf6 5. Nc3 0-0 6. Be2 cxd4 7. exd4 d6 8. 0-0 Bg4 9. Nh4 Bxe2 10. Qxe2 Nc6 11. Nf3 Rc8 12. b3 Ng4 13. Rd1 e5 14. Be3 Re8 15. dxe5 Nxe3 16. fxe3 Nxe5 17. Rac1 Ng4 18. Rd3 Bh6 19. Nd5 Rc5 20. Re1 b5 21. cxb5 Rxd5 22. Rxd5 Bxe3+ 23. Kf1 Qf6 24. Qd3 Nxh2+ 25. Ke2 Nxf3 26. gxf3 Qb2+ 0-1

[Event "NRW Class2 1314"]
[Site "Germany"]
[Date "2014.02.02"]
[Round "6.7"]
[White "Peschel, Andreas"]
[Black "Sicars, Thorsten"]
[Result "1/2-1/2"]
[WhiteElo "2053"]
[BlackElo "1945"]
[PlyCount "121"]
[EventDate "2013.09.15"]
[EventType "team-tourn"]
[EventRounds "9"]
[EventCountry "GER"]
[SourceTitle "EXT 2015"]
[Source "ChessBase"]
[SourceDate "2014.11.20"]
[SourceVersion "1"]
[SourceVersionDate "2014.11.20"]
[SourceQuality "1"]
[WhiteTeam "Solingen III"]
[BlackTeam "Holsterhausen"]
[WhiteTeamCountry "GER"]
[BlackTeamCountry "GER"]

1. d4 c6 2. c4 d5 3. Nf3 Nf6 4. cxd5 cxd5 5. Nc3 Nc6 6. Bf4 a6 7. Rc1 Bf5 8. e3 e6 9. Be2 Bd6 10. 0-0 h6 11. Ne5 Bxe5 12. Bxe5 Nxe5 13. dxe5 Nd7 14. Qd4 0-0 15. e4 dxe4 16. Nxe4 Bxe4 17. Qxe4 Qa5 18. f4 Rfd8 19. Bd3 Nf8 20. Bc4 Qb6+ 21. Kh1 Rd4 22. Qe3 Rad8 23. Bb3 Qb4 24. h3 Rd3 25. Qe1 Qd4 26. Rd1 Qxb2 27. Rxd3 Rxd3 28. f5 Qc3 29. fxe6 Nxe6 30. Qf2 Rd7 31. Bxe6 fxe6 32. Qf8+ Kh7 33. Qe8 Qc6 34. Rf8 Rd1+ 35. Kh2 Qxe8 36. Rxe8 Ra1 37. Rxe6 Rxa2 38. Rb6 Re2 39. e6 a5 40. Kg3 Kg6 41. Kf4 Kf6 42. Rxb7 Rxg2 43. e7 Kf7 44. Ra7 Rg5 45. h4 Rh5 46. Kg4 Rb5 47. e8Q+ Kxe8 48. Rxg7 h5+ 49. Kf4 Kd8 50. Ra7 Kc8 51. Rg7 Rb4+ 52. Kg3 a4 53. Ra7 Kb8 54. Ra5 Kb7 55. Rxh5 Kb6 56. Rf5 a3 57. Rf1 a2 58. Ra1 Ra4 59. h5 Kb5 60. h6 Ra7 61. h7 1/2-1/2

[Event "NRW Class2 1314"]
[Site "Germany"]
[Date "2013.11.17"]
[Round "3.8"]
[White "Fischer, Torsten"]
[Black "Peschel, Andreas"]
[Result "0-1"]
[WhiteElo "1957"]
[BlackElo "2053"]
[PlyCount "160"]
[EventDate "2013.09.15"]
[EventType "team-tourn"]
[EventRounds "9"]
[EventCountry "GER"]
[SourceTitle "EXT 2015"]
[Source "ChessBase"]
[SourceDate "2014.11.20"]
[SourceVersion "1"]
[SourceVersionDate "2014.11.20"]
[SourceQuality "1"]
[WhiteTeam "Plettenberg"]
[BlackTeam "Solingen III"]
[WhiteTeamCountry "GER"]
[BlackTeamCountry "GER"]

1. e4 g6 2. d4 Bg7 3. Nf3 c6 4. Nc3 d5 5. Be2 dxe4 6. Nxe4 Bg4 7. c3 Nd7 8. Qb3 Qb6 9. Bc4 Qxb3 10. Bxb3 Bxf3 11. gxf3 Ngf6 12. Be3 0-0 13. 0-0-0 a5 14. Rhe1 a4 15. Bc2 a3 16. bxa3 Rxa3 17. Kb2 Ra5 18. Bb3 Rh5 19. Bf4 Nd5 20. Bxd5 Rxd5 21. Nd2 Nb6 22. Rxe7 Rb5+ 23. Kc2 Nd5 24. c4 Nxe7 25. cxb5 cxb5 26. Ne4 Rc8+ 27. Kb3 Nd5 28. Bd2 Rc4 29. Nd6 Rxd4 30. Nxb5 Rd3+ 31. Kc4 Nf4 32. a4 h5 33. a5 h4 34. Kc5 Ne6+ 35. Kb6 Rd7 36. h3 Bf8 37. Nc3 Bc5+ 38. Kb5 Bxf2 39. Bc1 Nd4+ 40. Kc4 Rc7+ 41. Kd3 Nb3 42. Rf1 Bg3 43. Bb2 Nxa5 44. Ne4 Nc4 45. Bf6 Ne5+ 46. Ke3 Nd7 47. Be7 f5 48. Ng5 Be5 49. Rd1 Bg7 50. Bb4 Bh6 51. f4 Bxg5 52. fxg5 Kf7 53. Rd6 Ne5 54. Rf6+ Kg7 55. Bf8+ Kh7 56. Bd6 Nc4+ 57. Kd4 Nxd6 58. Rxd6 Rf7 59. Ke3 f4+ 60. Kf3 b5 61. Rb6 Rf5 62. Rb7+ Kg8 63. Rb6 Kf7 64. Rb7+ Ke8 65. Rb6 Rxg5 66. Kxf4 Rc5 67. Rxg6 Kd7 68. Ke4 Kc7 69. Kd4 Rc6 70. Rg7+ Kb6 71. Kd5 Rc3 72. Rh7 Rxh3 73. Rh6+ Ka5 74. Kc5 Rc3+ 75. Kd4 Kb4 76. Rh5 Rc8 77. Kd3 h3 78. Kd2 Rc3 79. Rh4+ Kb3 80. Kd1 b4 0-1

[Event "EU-Cup 29th"]
[Site "Rhodes"]
[Date "2013.10.21"]
[Round "2.6"]
[White "Van Dommelen, Martin"]
[Black "Peschel, Andreas"]
[Result "1-0"]
[WhiteElo "2100"]
[BlackElo "2106"]
[PlyCount "89"]
[EventDate "2013.10.20"]
[EventType "team-swiss"]
[EventRounds "7"]
[EventCountry "GRE"]
[SourceTitle "CBM 157"]
[Source "ChessBase"]
[SourceDate "2013.11.12"]
[SourceVersion "1"]
[SourceVersionDate "2013.11.12"]
[SourceQuality "1"]
[WhiteTeam "Apeldoorn"]
[BlackTeam "Solingen"]
[WhiteTeamCountry "NED"]
[BlackTeamCountry "GER"]

1. e4 g6 2. Nc3 Bg7 3. f4 c6 4. Bc4 d5 5. exd5 b5 6. Be2 b4 7. Ne4 cxd5 8. Nf2 Nf6 9. Nf3 0-0 10. 0-0 Nc6 11. a3 bxa3 12. Rxa3 Ng4 13. Nxg4 Bxg4 14. Ne5 Nxe5 15. fxe5 Bxe2 16. Qxe2 e6 17. d4 Qb6 18. c3 a5 19. Bg5 Rfb8 20. Rf2 Ra7 21. Qf3 Qc7 22. h4 a4 23. h5 Bf8 24. hxg6 hxg6 25. Bf6 Bg7 26. Qh3 Bxf6 27. exf6 Qd8 28. g4 Rab7 29. Rxa4 e5 30. g5 Qc8 31. Qxc8+ Rxc8 32. dxe5 Rbb8 33. Rd4 Rb5 34. Rfd2 Rcc5 35. Rh4 Rc4 36. Rxc4 dxc4 37. Rd8+ Kh7 38. e6 Rxg5+ 39. Kh2 Rh5+ 40. Kg3 Rg5+ 41. Kh4 Rh5+ 42. Kg4 Re5 43. exf7 Rg5+ 44. Kf4 Rf5+ 45. Ke4 1-0

[Event "NRW Class2 1314"]
[Site "Germany"]
[Date "2013.10.06"]
[Round "2.7"]
[White "Buddensiek, Uwe"]
[Black "Peschel, Andreas"]
[Result "1/2-1/2"]
[WhiteElo "2023"]
[BlackElo "2053"]
[PlyCount "95"]
[EventDate "2013.09.15"]
[EventType "team-tourn"]
[EventRounds "9"]
[EventCountry "GER"]
[SourceTitle "EXT 2015"]
[Source "ChessBase"]
[SourceDate "2014.11.20"]
[SourceVersion "1"]
[SourceVersionDate "2014.11.20"]
[SourceQuality "1"]
[WhiteTeam "Herford"]
[BlackTeam "Solingen III"]
[WhiteTeamCountry "GER"]
[BlackTeamCountry "GER"]

1. d4 g6 2. e4 Bg7 3. c4 d6 4. Nc3 Nf6 5. f3 0-0 6. Bg5 c6 7. Qd2 a6 8. Bd3 b5 9. Nge2 Bb7 10. 0-0 bxc4 11. Bxc4 d5 12. Bb3 dxe4 13. fxe4 c5 14. dxc5 Qxd2 15. Bxd2 Nxe4 16. Nxe4 Bxe4 17. Bc3 Nd7 18. Bxg7 Kxg7 19. Rac1 Rac8 20. Nc3 Bc6 21. Nd5 Bxd5 22. Bxd5 Rxc5 23. Rxc5 Nxc5 24. Rc1 Nd3 25. Rc7 Kf6 26. Bb7 Rd8 27. Bxa6 Nxb2 28. Rc2 Ra8 29. Be2 Rxa2 30. Kf2 e6 31. Rd2 h5 32. h4 Ke5 33. g3 f5 34. Kg2 f4 35. gxf4+ Kxf4 36. Bd3 Ke3 37. Bb1 Kxd2 38. Bxa2 e5 39. Bf7 Nd3 40. Kf3 Nf4 41. Ke4 Ke2 42. Kxe5 Kf3 43. Kf6 Kg4 44. Ke5 Kg3 45. Be8 Nd3+ 46. Kd4 Kxh4 47. Bxg6 Nf4 48. Bxh5 1/2-1/2

[Event "Eschborn op 10th"]
[Site "Eschborn"]
[Date "2013.08.31"]
[Round "2"]
[White "Von Bassewitz, Ingo"]
[Black "Peschel, Andreas"]
[Result "0-1"]
[WhiteElo "1559"]
[BlackElo "2032"]
[PlyCount "79"]
[EventDate "2013.08.30"]
[EventType "swiss"]
[EventRounds "5"]
[EventCountry "GER"]
[SourceTitle "EXT 2014"]
[Source "ChessBase"]
[SourceDate "2013.11.20"]
[SourceVersion "1"]
[SourceVersionDate "2013.11.20"]
[SourceQuality "1"]

1. f4 d5 2. e3 Nc6 3. Bb5 Qd6 4. b3 e5 5. Ba3 Qf6 6. Bxf8 Kxf8 7. fxe5 Qxe5 8. Nc3 Nf6 9. Bxc6 bxc6 10. Nf3 Qd6 11. 0-0 g6 12. Qe1 Kg7 13. Qh4 Re8 14. Ng5 Ba6 15. Nxf7 Kxf7 16. Qxh7+ Ke6 17. Rxf6+ Kxf6 18. d3 Bc8 19. e4 dxe4 20. Rf1+ Bf5 21. Nxe4+ Rxe4 22. dxe4 Qd4+ 23. Kh1 Qxe4 24. Qxc7 Re8 25. Qxa7 Re7 26. Qc5 Kg7 27. a4 Re5 28. Qc3 Kh7 29. a5 Qe2 30. Rg1 Be4 31. Qh3+ Rh5 32. Qd7+ Kh6 33. Qd6 Rf5 34. Qg3 Rxa5 35. Qf4+ Rg5 36. h4 Bxg2+ 37. Kh2 Bd5+ 38. Kh3 Be6+ 39. Rg4 Qxg4+ 40. Qxg4 0-1

[Event "NRW Class2 1213"]
[Site "Germany"]
[Date "2013.02.17"]
[Round "6.5"]
[White "Peschel, Andreas"]
[Black "Rybarczyk, Klaus"]
[Result "0-1"]
[WhiteElo "2156"]
[BlackElo "2088"]
[PlyCount "74"]
[EventDate "2012.09.16"]
[EventType "team-tourn"]
[EventRounds "9"]
[EventCountry "GER"]
[SourceTitle "EXT 2017"]
[Source "ChessBase"]
[SourceDate "2016.10.25"]
[SourceVersion "1"]
[SourceVersionDate "2016.10.25"]
[SourceQuality "1"]
[WhiteTeam "Solingen III"]
[BlackTeam "Niederkassel"]
[WhiteTeamCountry "GER"]
[BlackTeamCountry "GER"]

1. d4 Nf6 2. c4 g6 3. Nc3 Bg7 4. e4 d6 5. f4 0-0 6. Nf3 Na6 7. Bd3 e5 8. dxe5 dxe5 9. Nxe5 Nc5 10. Bc2 Qxd1+ 11. Kxd1 c6 12. Be3 Ne6 13. Ke2 Re8 14. g3 Bf8 15. Rhe1 Nc5 16. Kf3 Rxe5 17. fxe5 Ng4 18. Kg2 Nxe3+ 19. Rxe3 Bg7 20. b4 Na6 21. a3 Bxe5 22. Rd1 Be6 23. c5 Nc7 24. Ne2 a5 25. Red3 Kg7 26. Kf3 h5 27. Ke3 Na6 28. Nf4 Bc4 29. Rd7 axb4 30. Bd3 Bb3 31. Rb1 Nxc5 32. Rxb3 Nxd7 33. axb4 Ra2 34. Ne2 Bc7 35. Nc3 Bb6+ 36. Kf4 Rf2+ 37. Kg5 f6+ 0-1

[Event "NRW Class2 1213"]
[Site "Germany"]
[Date "2012.12.16"]
[Round "4.6"]
[White "Grochtmann, Stephan"]
[Black "Peschel, Andreas"]
[Result "1-0"]
[WhiteElo "2030"]
[BlackElo "2156"]
[PlyCount "63"]
[EventDate "2012.09.16"]
[EventType "team-tourn"]
[EventRounds "9"]
[EventCountry "GER"]
[SourceTitle "EXT 2017"]
[Source "ChessBase"]
[SourceDate "2016.10.25"]
[SourceVersion "1"]
[SourceVersionDate "2016.10.25"]
[SourceQuality "1"]
[WhiteTeam "Guetersloh"]
[BlackTeam "Solingen III"]
[WhiteTeamCountry "GER"]
[BlackTeamCountry "GER"]

1. e4 c6 2. d4 d5 3. e5 g6 4. h4 h5 5. Nh3 Bg4 6. f3 Bxh3 7. Rxh3 e6 8. c3 Qb6 9. Qb3 Bh6 10. Bg5 c5 11. Qb5+ Nc6 12. dxc5 Qc7 13. f4 Bxg5 14. hxg5 Nge7 15. Nd2 0-0 16. 0-0-0 Rfb8 17. Be2 b6 18. Rdh1 a6 19. Qd3 bxc5 20. Bxh5 Qb6 21. Bxg6 Qxb2+ 22. Kd1 Kf8 23. Rh8+ Ng8 24. Bxf7 Qa1+ 25. Ke2 Qxh1 26. Rxh1 Kxf7 27. Rh7+ Kf8 28. Qg6 Ra7 29. Rh8 Nce7 30. Qf6+ Ke8 31. Qxe6 Kf8 32. g6 1-0